[Event "Woerishofen sen 2016"]
[Site "Bad Woerishofen"]
[Date "2016.02.26"]
[Round "1.49"]
[White "Zschorsch, Peter"]
[Black "Wraga, Hermann"]
[Result "1-0"]
[WhiteElo "1941"]
[BlackElo "1667"]
[PlyCount "45"]
[EventDate "2016.02.26"]
[EventType "swiss"]
[EventCountry "GER"]
[WhiteTeam "Karlsruher SF"]
[BlackTeam "Osnabrueck SG"]
[WhiteTeamCountry "GER"]
[BlackTeamCountry "GER"]

1. e4 d6 2. d4 Nf6 3. Nc3 g6 4. Bf4 c6 5. Nf3 Bg7 6. Be2 Bg4 7. O-O O-O 8. h3
Bxf3 9. Bxf3 Nfd7 10. Be3 e6 11. Qd2 e5 12. Rad1 Qe7 13. Be2 Rd8 14. f4 Bh6 15.
dxe5 dxe5 16. f5 Bxe3+ 17. Qxe3 g5 18. f6 Qf8 19. Qxg5+ Kh8 20. Kh1 Na6 21.
Bxa6 bxa6 22. Qf5 Qe8 23. Qg4 1-0

[Event "Woerishofen sen 2016"]
[Site "Bad Woerishofen"]
[Date "2016.02.26"]
[Round "1.50"]
[White "Thonig, Manfred"]
[Black "Gauer, Jacques"]
[Result "1-0"]
[WhiteElo "1660"]
[BlackElo "1940"]
[PlyCount "101"]
[EventDate "2016.02.26"]
[EventType "swiss"]
[EventCountry "GER"]
[WhiteTeam "Starnberg SC"]
[BlackTeam "FRA"]
[WhiteTeamCountry "GER"]
[BlackTeamCountry "FRA"]

1. f4 c5 2. Nf3 Nc6 3. e3 Nf6 4. Be2 g6 5. c4 Bg7 6. O-O O-O 7. d3 d5 8. cxd5
Nxd5 9. e4 Nf6 10. Nc3 Bg4 11. Kh1 h6 12. e5 Nd5 13. Ne4 b6 14. a3 f6 15. h3
Bxf3 16. Bxf3 fxe5 17. fxe5 Nxe5 18. Be2 Qd7 19. Bd2 Rad8 20. b4 cxb4 21. axb4
Nc6 22. Rb1 Rxf1+ 23. Qxf1 Rf8 24. Qc1 Kh7 25. Bg4 e6 26. b5 Nd4 27. Bc3 Nxc3
28. Qxc3 Nxb5 29. Qb3 Nd4 30. Qa2 Be5 31. Re1 Bb8 32. h4 Nf5 33. Qb2 Ng3+ 34.
Nxg3 Bxg3 35. Rd1 Qe7 36. Bh3 Rf2 37. Qb3 Qf7 38. Qb1 Bxh4 39. Re1 e5 40. Bg4
Bg3 41. Bf3 Qf4 42. Re4 Qf6 43. Qc1 Rxf3 44. Qc7+ Qf7 45. Qxf7+ Rxf7 46. Kg1
Rd7 47. Re3 Bf4 48. Rf3 a5 49. g3 Bg5 50. Kf1 Kg7 51. Ke2 1-0

[Event "Woerishofen sen 2016"]
[Site "Bad Woerishofen"]
[Date "2016.02.26"]
[Round "1.51"]
[White "Oppermann, Peter"]
[Black "Bartlitz, Heinz"]
[Result "1/2-1/2"]
[WhiteElo "1933"]
[BlackElo "1659"]
[PlyCount "54"]
[EventDate "2016.02.26"]
[EventType "swiss"]
[EventCountry "GER"]
[WhiteTeam "Harzburg Bad SK"]
[BlackTeam "Bramfelder SK"]
[WhiteTeamCountry "GER"]
[BlackTeamCountry "GER"]

1. d4 Nf6 2. Nf3 g6 3. e3 Bg7 4. Bd3 O-O 5. O-O d6 6. b3 c6 7. Bb2 Nbd7 8. Nbd2
Qc7 9. Rc1 e5 10. Re1 Re8 11. dxe5 dxe5 12. e4 Kh8 13. c4 Ng8 14. b4 f6 15. Nb3
b6 16. c5 b5 17. Ra1 a6 18. a4 Bb7 19. axb5 axb5 20. Qc2 Rxa1 21. Rxa1 Ra8 22.
Na5 Nh6 23. h3 Nf7 24. Nd2 Nf8 25. Ndb3 Ne6 26. g3 Neg5 27. h4 Ne6 1/2-1/2

[Event "Woerishofen sen 2016"]
[Site "Bad Woerishofen"]
[Date "2016.02.26"]
[Round "1.52"]
[White "Buss, Richard"]
[Black "Aigner, Georg"]
[Result "0-1"]
[WhiteElo "1657"]
[BlackElo "1932"]
[PlyCount "112"]
[EventDate "2016.02.26"]
[EventType "swiss"]
[EventCountry "GER"]
[WhiteTeam "Heisfelde VfR"]
[BlackTeam "Taufkirchen SC"]
[WhiteTeamCountry "GER"]
[BlackTeamCountry "GER"]

1. e4 e5 2. Nf3 Nc6 3. d4 exd4 4. Nxd4 Bc5 5. Be3 Qf6 6. c3 Nge7 7. Be2 O-O 8.
O-O Bb6 9. Qd2 h6 10. f4 d6 11. Qd3 Ng6 12. Nxc6 bxc6 13. Kh1 Re8 14. Nd2 a5
15. Bxb6 cxb6 16. g3 Qe7 17. Bf3 Ba6 18. c4 Rad8 19. Rfe1 d5 20. exd5 Qxe1+ 21.
Rxe1 Rxe1+ 22. Kg2 cxd5 23. Bxd5 Rde8 24. Ne4 Re7 25. Kf2 Rc1 26. b3 Nf8 27.
Qd2 Ra1 28. Qb2 Rd1 29. Qc2 Ra1 30. Qb2 Rd1 31. h4 Bb7 32. Qc2 Bxd5 33. Qxd1
Bxe4 34. Qd6 Re6 35. Qd4 f5 36. Qd8 Kf7 37. h5 g6 38. hxg6+ Nxg6 39. Qc7+ Ne7
40. Qd8 Bb1 41. Qd2 Nc6 42. a3 Ke7 43. Qd1 Be4 44. Qd2 Rd6 45. Qc3 Rd3 46. Qg7+
Kd8 47. Qf6+ Kc7 48. Qg7+ Kb8 49. Qf8+ Kb7 50. Qf7+ Ka6 51. Qe6 Rf3+ 52. Ke1
Nd4 53. Qc8+ Bb7 54. Qe8 Re3+ 55. Qxe3 Nc2+ 56. Ke2 Nxe3 0-1

[Event "Woerishofen sen 2016"]
[Site "Bad Woerishofen"]
[Date "2016.02.26"]
[Round "1.53"]
[White "Braun, Erhard"]
[Black "Schweitzer, Paul"]
[Result "1-0"]
[WhiteElo "1932"]
[BlackElo "1652"]
[PlyCount "41"]
[EventDate "2016.02.26"]
[EventType "swiss"]
[EventCountry "GER"]
[WhiteTeam "Heusweiler SC"]
[BlackTeam "Zehlendorf SK"]
[WhiteTeamCountry "GER"]
[BlackTeamCountry "GER"]

1. e4 b6 2. d4 Bb7 3. d5 g6 4. c4 c5 5. Nc3 d6 6. Bd3 Bg7 7. f4 e5 8. Nf3 Nd7
9. O-O exf4 10. Bxf4 Ne5 11. Qd2 a6 12. h3 f6 13. Rad1 h5 14. Qf2 Qc7 15. a3 g5
16. Bxe5 dxe5 17. Bc2 O-O-O 18. Na4 Rd6 19. b4 g4 20. Nh4 gxh3 21. Nf5 1-0

[Event "Woerishofen sen 2016"]
[Site "Bad Woerishofen"]
[Date "2016.02.26"]
[Round "1.54"]
[White "Braeu, Emmi"]
[Black "Abel, Hans Peter"]
[Result "0-1"]
[WhiteElo "1624"]
[BlackElo "1928"]
[PlyCount "74"]
[EventDate "2016.02.26"]
[EventType "swiss"]
[EventCountry "GER"]
[WhiteTeam "Marktoberdorf SK"]
[BlackTeam "Leinfelden SC"]
[WhiteTeamCountry "GER"]
[BlackTeamCountry "GER"]

1. Nf3 Nf6 2. c4 g6 3. g3 c6 4. Bg2 Bg7 5. O-O O-O 6. Nc3 d6 7. d4 Na6 8. a3
Nc7 9. Bf4 Re8 10. Qd2 Ne6 11. Bh6 Bh8 12. h3 d5 13. c5 Ne4 14. Qe3 Nxc3 15.
bxc3 b6 16. cxb6 axb6 17. Rfb1 Qc7 18. Bf4 Nxf4 19. Qxf4 Qxf4 20. gxf4 b5 21.
Rb4 f6 22. a4 Ba6 23. a5 Bg7 24. Nd2 e6 25. Nb3 Bf8 26. Nc5 Bd6 27. e3 Kf7 28.
Rbb1 Re7 29. Bf1 Rea7 30. Kg2 Bc8 31. Nb3 Bc7 32. Kf3 Bxa5 33. Nxa5 Rxa5 34.
Rxa5 Rxa5 35. e4 dxe4+ 36. Kxe4 e5 37. dxe5 Bf5+ 0-1

[Event "Woerishofen sen 2016"]
[Site "Bad Woerishofen"]
[Date "2016.02.26"]
[Round "1.55"]
[White "Winter, Bernd"]
[Black "Gepting, Konrad"]
[Result "1-0"]
[WhiteElo "1922"]
[BlackElo "1620"]
[PlyCount "61"]
[EventDate "2016.02.26"]
[EventType "swiss"]
[EventCountry "GER"]
[WhiteTeam "Muenchen SK Siemens"]
[BlackTeam "Marktoberdorf SK"]
[WhiteTeamCountry "GER"]
[BlackTeamCountry "GER"]

1. e4 g6 2. d4 Bg7 3. Nf3 d6 4. Be2 a6 5. c4 Bd7 6. Nc3 Nc6 7. d5 Ne5 8. Nd4 c5
9. Nc2 f5 10. exf5 Bxf5 11. Ne3 Bd7 12. O-O Nf6 13. f4 Nf7 14. Bd3 Qc8 15. Ne4
Nxe4 16. Bxe4 Bd4 17. Kh1 Nh6 18. f5 Bxe3 19. Bxe3 Nxf5 20. Bxf5 Bxf5 21. Bh6
Qd7 22. b4 b5 23. bxc5 dxc5 24. d6 e6 25. Qf3 Ra7 26. g4 Qb7 27. Qxb7 Rxb7 28.
gxf5 exf5 29. Rfe1+ Kf7 30. Bg5 h6 31. Be7 1-0

[Event "Woerishofen sen 2016"]
[Site "Bad Woerishofen"]
[Date "2016.02.26"]
[Round "1.56"]
[White "Mircoli, Filippo"]
[Black "Abegg, Beat"]
[Result "1/2-1/2"]
[WhiteElo "1611"]
[BlackElo "1914"]
[PlyCount "58"]
[EventDate "2016.02.26"]
[EventType "swiss"]
[EventCountry "GER"]
[WhiteTeam "ITA"]
[BlackTeam "SUI"]
[WhiteTeamCountry "ITA"]
[BlackTeamCountry "SUI"]

1. d4 c6 2. Nf3 d5 3. e3 Nf6 4. Nbd2 Bg4 5. h3 Bh5 6. c4 e6 7. Qa4 dxc4 8. Qxc4
Nbd7 9. Bd3 Nb6 10. Qc2 Bg6 11. e4 h6 12. O-O Be7 13. Ne5 Bh7 14. Ndf3 O-O 15.
Be3 Nfd7 16. Rad1 Nxe5 17. Nxe5 Nd7 18. Nxd7 Qxd7 19. f4 f5 20. e5 g6 21. Kh2
Kf7 22. a4 a5 23. Bc4 Rg8 24. g4 Rg7 25. Rg1 Rag8 26. gxf5 gxf5 27. Qb3 Rxg1
28. Rxg1 Rxg1 29. Kxg1 Bg6 1/2-1/2

[Event "Woerishofen sen 2016"]
[Site "Bad Woerishofen"]
[Date "2016.02.26"]
[Round "1.58"]
[White "Westermayer, Johann"]
[Black "Fitzke, Ulrich"]
[Result "0-1"]
[WhiteElo "1599"]
[BlackElo "1909"]
[PlyCount "48"]
[EventDate "2016.02.26"]
[EventType "swiss"]
[EventCountry "GER"]
[WhiteTeam "AUT"]
[BlackTeam "Berlin SV Bau Union"]
[WhiteTeamCountry "AUT"]
[BlackTeamCountry "GER"]

1. d4 d5 2. Nf3 Nf6 3. c4 e6 4. e3 b6 5. b3 Bb7 6. Bb2 Bd6 7. Nbd2 O-O 8. Bd3
Nbd7 9. O-O Qe7 10. Qe2 Ba3 11. Nb1 Bxb2 12. Qxb2 c5 13. Nbd2 cxd4 14. exd4
Rfd8 15. Bc2 Rac8 16. Rac1 dxc4 17. bxc4 Nh5 18. Rfe1 Nf4 19. Qb3 Nf6 20. Bb1
Qd6 21. Ne4 Qe7 22. Ng3 Qc7 23. Ne4 N4h5 24. Nxf6+ Nxf6 0-1

[Event "Woerishofen sen 2016"]
[Site "Bad Woerishofen"]
[Date "2016.02.26"]
[Round "1.59"]
[White "Bauder, Herbert"]
[Black "Schmid, Arnold"]
[Result "1-0"]
[WhiteElo "1897"]
[BlackElo "1578"]
[PlyCount "71"]
[EventDate "2016.02.26"]
[EventType "swiss"]
[EventCountry "GER"]
[WhiteTeam "Steglitz Wilmersdorf SG Lasker"]
[BlackTeam "Oberbilker SV"]
[WhiteTeamCountry "GER"]
[BlackTeamCountry "GER"]

1. d4 d5 2. Nf3 Nf6 3. c4 c6 4. Nc3 Bf5 5. cxd5 cxd5 6. Qb3 Bc8 7. e3 Nc6 8.
Bd3 e6 9. O-O Be7 10. Bd2 O-O 11. a3 Rb8 12. Rac1 Bd7 13. Qa2 a5 14. Qb1 Rc8
15. h3 Re8 16. Ne5 g6 17. Nxc6 Bxc6 18. Nb5 Qb6 19. Nc3 Bf8 20. f4 Ne4 21. Nxe4
dxe4 22. Be2 f5 23. Rc3 Bb5 24. Rb3 Bd3 25. Rxb6 Bxb1 26. Rxb1 Rc2 27. Rd1 Re7
28. Kf1 a4 29. Ke1 Rd7 30. Rc1 Rcc7 31. Bb5 Rxc1+ 32. Bxc1 Rc7 33. Bd2 Kf7 34.
Bxa4 Be7 35. Bb3 Rc6 36. Rxb7 1-0

[Event "Woerishofen sen 2016"]
[Site "Bad Woerishofen"]
[Date "2016.02.26"]
[Round "1.60"]
[White "Traversi, Carlo"]
[Black "Trefzer, Erhard"]
[Result "1/2-1/2"]
[WhiteElo "1572"]
[BlackElo "1897"]
[PlyCount "88"]
[EventDate "2016.02.26"]
[EventType "swiss"]
[EventCountry "GER"]
[WhiteTeam "ITA"]
[BlackTeam "Besigheim SV"]
[WhiteTeamCountry "ITA"]
[BlackTeamCountry "GER"]

1. Nf3 Nf6 2. b3 c5 3. Bb2 e6 4. c4 d5 5. cxd5 exd5 6. e3 Be7 7. Be2 O-O 8. O-O
Nc6 9. d4 cxd4 10. Nxd4 Ne4 11. Nd2 Qa5 12. Nxe4 dxe4 13. Qc2 Nxd4 14. Bxd4 Bf5
15. Qb2 f6 16. Rac1 Ba3 17. Qc3 Qd8 18. Rcd1 Qe7 19. Bc4+ Kh8 20. Qa5 Bg6 21.
Bc3 b6 22. Qb5 Rfd8 23. Rd4 Bc5 24. Rxd8+ Rxd8 25. Be2 a5 26. Rd1 Rxd1+ 27.
Bxd1 Qd8 28. Qe2 f5 29. g3 Bf7 30. Bc2 Kg8 31. Kf1 Qd6 32. Ke1 Be6 33. Qd2 Qe7
34. h4 h6 35. Bd4 Bb4 36. Bc3 Bxc3 37. Qxc3 Qc5 38. Qxc5 bxc5 39. Kd2 g5 40.
hxg5 hxg5 41. Bd1 Kg7 42. Kc3 Kf6 43. Be2 Ke5 44. Bc4 Bd7 1/2-1/2

[Event "Woerishofen sen 2016"]
[Site "Bad Woerishofen"]
[Date "2016.02.26"]
[Round "1.61"]
[White "Braeu, Ludwig"]
[Black "Dittmann, Heinz"]
[Result "1-0"]
[WhiteElo "1894"]
[BlackElo "1565"]
[PlyCount "65"]
[EventDate "2016.02.26"]
[EventType "swiss"]
[EventCountry "GER"]
[WhiteTeam "Marktoberdorf SK"]
[BlackTeam "Nettetal SG"]
[WhiteTeamCountry "GER"]
[BlackTeamCountry "GER"]

1. c4 e6 2. g3 Nf6 3. Bg2 c6 4. Nf3 Be7 5. O-O O-O 6. b3 d5 7. Bb2 b6 8. d4 Bb7
9. Qc2 Nbd7 10. Nbd2 Rc8 11. Rac1 c5 12. Qb1 cxd4 13. Nxd4 Bc5 14. a3 Bxd4 15.
Bxd4 e5 16. Bb2 Qe7 17. b4 e4 18. Bd4 Ba8 19. Rc2 dxc4 20. Nxc4 b5 21. Ne3 a6
22. Rfc1 Bb7 23. Rxc8 Rxc8 24. Rxc8+ Bxc8 25. Qc2 Qe8 26. Nf5 Qd8 27. Nd6 Nb6
28. Bxb6 Qxd6 29. Qxc8+ Qf8 30. Qxf8+ Kxf8 31. Bd4 e3 32. Bxf6 exf2+ 33. Kxf2
1-0

[Event "Woerishofen sen 2016"]
[Site "Bad Woerishofen"]
[Date "2016.02.26"]
[Round "1.63"]
[White "Fuchs, Joachim"]
[Black "Hartlaub, Marianne"]
[Result "1/2-1/2"]
[WhiteElo "1884"]
[BlackElo "1541"]
[PlyCount "64"]
[EventDate "2016.02.26"]
[EventType "swiss"]
[EventCountry "GER"]
[WhiteTeam "Starnberg SC"]
[BlackTeam "Klingenberg SK"]
[WhiteTeamCountry "GER"]
[BlackTeamCountry "GER"]

1. d4 Nf6 2. c4 d6 3. Nc3 c6 4. Nf3 Bg4 5. e3 Nbd7 6. Be2 Bxf3 7. Bxf3 e5 8.
O-O Be7 9. a4 a6 10. b3 Qc7 11. Bb2 O-O 12. Rc1 Rfe8 13. Qc2 Bf8 14. Ne4 Nxe4
15. Bxe4 Nf6 16. dxe5 dxe5 17. Rfd1 Nxe4 18. Qxe4 f6 19. Rd3 Rad8 20. Rcd1 Rxd3
21. Qxd3 Be7 22. Bc3 Rd8 23. Qe2 Rxd1+ 24. Qxd1 Kf7 25. Qh5+ Kg8 26. Qe8+ Bf8
27. Qe6+ Kh8 28. g3 Qe7 29. Qc8 g6 30. Ba5 Kg7 31. Bc7 Qb4 32. Qd7+ Kh6 1/2-1/2

[Event "Woerishofen sen 2016"]
[Site "Bad Woerishofen"]
[Date "2016.02.26"]
[Round "1.65"]
[White "Neumann, Erwin"]
[Black "Jurgan, Brigitte"]
[Result "1/2-1/2"]
[WhiteElo "1870"]
[BlackElo "1476"]
[PlyCount "82"]
[EventDate "2016.02.26"]
[EventType "swiss"]
[EventCountry "GER"]
[WhiteTeam "Schwaebisch Hall SK"]
[BlackTeam "Grassau ASV"]
[WhiteTeamCountry "GER"]
[BlackTeamCountry "GER"]

1. e4 e5 2. Nf3 Nc6 3. d4 d6 4. dxe5 Nxe5 5. Nxe5 dxe5 6. Qxd8+ Kxd8 7. Bc4 Be6
8. Bxe6 fxe6 9. Be3 Nf6 10. f3 Bd6 11. Nd2 Ke7 12. O-O-O Rhd8 13. g4 h6 14. h4
Ng8 15. g5 h5 16. Nb3 b6 17. Rd3 g6 18. Rhd1 Rd7 19. c4 c5 20. f4 Rad8 21. fxe5
Bxe5 22. Rxd7+ Rxd7 23. Rxd7+ Kxd7 24. Nd2 Ne7 25. Nf3 Kd6 26. a4 Nc6 27. b3 a6
28. Kc2 Nb4+ 29. Kd2 Nc6 30. Bf2 Bf4+ 31. Kd3 Nb4+ 32. Kc3 Be5+ 33. Nxe5 Kxe5
34. a5 bxa5 35. Bxc5 Nc6 36. Kd3 Kf4 37. Bf2 e5 38. Be1 Kf3 39. c5 Kf4 40. Bd2+
Kf3 41. Be1 Kf4 1/2-1/2

[Event "Woerishofen sen 2016"]
[Site "Bad Woerishofen"]
[Date "2016.02.26"]
[Round "1.68"]
[White "Walther, Renate"]
[Black "Boldt, Heinrich"]
[Result "0-1"]
[WhiteElo "1232"]
[BlackElo "1862"]
[PlyCount "40"]
[EventDate "2016.02.26"]
[EventType "swiss"]
[EventCountry "GER"]
[WhiteTeam "Herzogenaurach SK"]
[BlackTeam "Kareth Lappersdorf TSV"]
[WhiteTeamCountry "GER"]
[BlackTeamCountry "GER"]

1. e4 c5 2. Nc3 g6 3. Bc4 Bg7 4. Nge2 Nc6 5. O-O a6 6. a3 e6 7. d3 Nge7 8. Be3
d5 9. exd5 exd5 10. Bxc5 dxc4 11. Bxe7 Nxe7 12. dxc4 O-O 13. Qxd8 Rxd8 14. Rad1
Bf5 15. Nd5 Nxd5 16. Rxd5 Rxd5 17. cxd5 Bxc2 18. b4 Bd3 19. Re1 Re8 20. Kf1 Bc3
0-1

[Event "Woerishofen sen 2016"]
[Site "Bad Woerishofen"]
[Date "2016.02.27"]
[Round "2.1"]
[White "Vonach, Bernhard"]
[Black "Frick, Christoph"]
[Result "0-1"]
[WhiteElo "1999"]
[BlackElo "2224"]
[PlyCount "102"]
[EventDate "2016.02.26"]
[EventType "swiss"]
[EventCountry "GER"]
[WhiteTeam "Windach SF"]
[BlackTeam "Bebenhausen SK"]
[WhiteTeamCountry "GER"]
[BlackTeamCountry "GER"]

1. e4 c6 2. d4 d5 3. f3 dxe4 4. fxe4 e5 5. Nf3 Bg4 6. Bc4 Nd7 7. Be3 Ngf6 8.
Nc3 Bd6 9. Qd3 Qc7 10. O-O-O O-O 11. h3 Bh5 12. g4 Bg6 13. g5 Nh5 14. d5 c5 15.
Nb5 Qb8 16. Nxd6 Qxd6 17. Nh4 a6 18. Nxg6 fxg6 19. a4 Rf3 20. Rdf1 Nf4 21. Qd2
Rxf1+ 22. Rxf1 b5 23. Ba2 Rf8 24. Kb1 c4 25. axb5 axb5 26. Qa5 Rb8 27. Qa7 Nxh3
28. Bd2 Nf4 29. b3 h5 30. bxc4 bxc4+ 31. Ka1 Nc5 32. Ba5 Rb7 33. Qa8+ Qb8 34.
Qxb8+ Rxb8 35. Bc7 Ra8 36. Bxe5 Ne2 37. Kb1 Nxe4 38. Kb2 Re8 39. Bxc4 Nd2 40.
Ba2 Nxf1 41. d6+ Kh7 42. d7 Rd8 43. Be6 h4 44. Bc7 Rf8 45. d8=Q Rxd8 46. Bxd8
Nf4 47. Bc8 h3 48. Bxh3 Nxh3 49. c4 Nf4 50. Kc3 Ne3 51. Bb6 Ned5+ 0-1

[Event "Woerishofen sen 2016"]
[Site "Bad Woerishofen"]
[Date "2016.02.27"]
[Round "2.2"]
[White "Krotofil, Kurt"]
[Black "Witte, Manfred"]
[Result "0-1"]
[WhiteElo "1987"]
[BlackElo "2210"]
[PlyCount "178"]
[EventDate "2016.02.26"]
[EventType "swiss"]
[EventCountry "GER"]
[WhiteTeam "Niendorfer TSV"]
[BlackTeam "Hermsdorf VfB"]
[WhiteTeamCountry "GER"]
[BlackTeamCountry "GER"]

1. d4 Nf6 2. c4 c5 3. d5 e6 4. Nc3 exd5 5. cxd5 d6 6. e4 g6 7. f4 Bg7 8. e5
Nfd7 9. Nb5 dxe5 10. Nd6+ Ke7 11. Nxc8+ Qxc8 12. Nf3 Re8 13. fxe5 Nxe5 14. Bb5
Nbd7 15. O-O Kf8 16. Nxe5 Bxe5 17. Bh6+ Kg8 18. Qf3 f5 19. d6 c4 20. Qd5+ Kh8
21. Rae1 Nb6 22. Rxe5 Nxd5 23. Rxe8+ Qxe8 24. Bxe8 Rxe8 25. Rd1 Nb6 26. Bg5 Nd7
27. Be7 Kg8 28. Kf2 Kf7 29. Ke3 Nb8 30. Rc1 Nc6 31. Rxc4 Nxe7 32. dxe7 Rxe7+
33. Kf3 Rd7 34. Rc2 Kf6 35. g3 g5 36. Kg2 g4 37. Re2 Rd3 38. Rc2 h5 39. Kf2 Kg5
40. Ke2 Rd7 41. Rc8 Re7+ 42. Kf2 Kf6 43. Rd8 Rc7 44. Rd2 Kg5 45. Kg2 h4 46.
gxh4+ Kxh4 47. Rf2 Rf7 48. Rc2 f4 49. Rc8 a6 50. Rh8+ Kg5 51. Rd8 b6 52. Rd5+
Kg6 53. Rd6+ Rf6 54. Rd2 Rc6 55. Kf2 Kf5 56. Re2 Rh6 57. Kg1 f3 58. Rc2 g3 59.
hxg3 Kg4 60. Rc8 Kxg3 61. Rg8+ Kf4 62. Rf8+ Ke3 63. Re8+ Kd3 64. Rc8 f2+ 65.
Kg2 Rh2+ 66. Kf1 Rh1+ 67. Kxf2 Rh2+ 68. Ke1 Rxb2 69. Rc6 a5 70. a4 Rb1+ 71. Kf2
Rb4 72. Ke1 Rxa4 73. Rxb6 Rh4 74. Rb3+ Kc2 75. Ra3 Re4+ 76. Kf2 a4 77. Kf3 Kb2
78. Rd3 Re8 79. Rd2+ Kc3 80. Rd7 a3 81. Rc7+ Kb2 82. Rb7+ Ka1 83. Kf2 a2 84.
Kf1 Rc8 85. Ke2 Rc1 86. Kd2 Rb1 87. Ra7 Kb2 88. Rb7+ Ka3 89. Ra7+ Kb3 0-1

[Event "Woerishofen sen 2016"]
[Site "Bad Woerishofen"]
[Date "2016.02.27"]
[Round "2.3"]
[White "Gross, Werner"]
[Black "Macher, Claus"]
[Result "1/2-1/2"]
[WhiteElo "2201"]
[BlackElo "1999"]
[PlyCount "34"]
[EventDate "2016.02.26"]
[EventType "swiss"]
[EventCountry "GER"]
[WhiteTeam "Niederkassel SG"]
[BlackTeam "Ammerbuch SF"]
[WhiteTeamCountry "GER"]
[BlackTeamCountry "GER"]

1. c4 e5 2. Nc3 g6 3. g3 Bg7 4. Bg2 d6 5. Nf3 f5 6. d3 Nf6 7. O-O O-O 8. e4 Nc6
9. Bg5 Be6 10. Nd5 Qd7 11. Re1 Nh5 12. Qd2 f4 13. gxf4 Bh3 14. f5 Bxg2 15. Kxg2
gxf5 16. Qe2 f4 17. h3 Qf7 1/2-1/2

[Event "Woerishofen sen 2016"]
[Site "Bad Woerishofen"]
[Date "2016.02.27"]
[Round "2.4"]
[White "Plischke, Berthold"]
[Black "Bhend, Edwin"]
[Result "1/2-1/2"]
[WhiteElo "1953"]
[BlackElo "2188"]
[PlyCount "37"]
[EventDate "2016.02.26"]
[EventType "swiss"]
[EventCountry "GER"]
[WhiteTeam "Wesel SV"]
[BlackTeam "SUI"]
[WhiteTeamCountry "GER"]
[BlackTeamCountry "SUI"]

1. e4 c5 2. Nf3 Nc6 3. d4 cxd4 4. Nxd4 e5 5. Nb5 d6 6. a4 Be7 7. N1c3 a6 8. Na3
Nf6 9. Nc4 Be6 10. Bg5 Nd4 11. Bxf6 Bxf6 12. a5 Rc8 13. Nb6 Rc5 14. Bd3 Nc6 15.
Nca4 Rxa5 16. c3 O-O 17. b4 Rb5 18. Nd5 Bxd5 19. exd5 1/2-1/2

[Event "Woerishofen sen 2016"]
[Site "Bad Woerishofen"]
[Date "2016.02.27"]
[Round "2.5"]
[White "Gerl, Hans"]
[Black "Krieger, Hermann"]
[Result "0-1"]
[WhiteElo "1951"]
[BlackElo "2172"]
[PlyCount "76"]
[EventDate "2016.02.26"]
[EventType "swiss"]
[EventCountry "GER"]
[WhiteTeam "Zirndorf SK"]
[BlackTeam "Ludwigshafen SK"]
[WhiteTeamCountry "GER"]
[BlackTeamCountry "GER"]

1. d4 f5 2. g3 g6 3. Bg2 Nf6 4. c4 Bg7 5. Nc3 O-O 6. Nh3 d6 7. O-O e5 8. dxe5
dxe5 9. e4 Nc6 10. Qxd8 Rxd8 11. Bg5 Be6 12. Nd5 Bxd5 13. exd5 Nd4 14. f3 h6
15. Bxf6 Bxf6 16. Nf2 c6 17. dxc6 Nxc6 18. Rad1 Nd4 19. Nd3 Rac8 20. b3 Ne2+
21. Kh1 Nc3 22. Rd2 Nxa2 23. Rff2 Nc3 24. Bf1 e4 25. Nf4 e3 26. Rxd8+ Rxd8 27.
Rg2 Rd1 28. Kg1 Bd4 29. Ne2 Nxe2+ 30. Rxe2 Rb1 31. Kg2 Rxb3 32. Rc2 Kg7 33. h4
a5 34. Be2 a4 35. c5 a3 36. c6 bxc6 37. Rxc6 a2 38. Rc7+ Kf8 0-1

[Event "Woerishofen sen 2016"]
[Site "Bad Woerishofen"]
[Date "2016.02.27"]
[Round "2.6"]
[White "Reimann, Guenther"]
[Black "Neese, Hans Joachim"]
[Result "0-1"]
[WhiteElo "1941"]
[BlackElo "2159"]
[PlyCount "94"]
[EventDate "2016.02.26"]
[EventType "swiss"]
[EventCountry "GER"]
[WhiteTeam "Magstadt SC"]
[BlackTeam "Hennef SV"]
[WhiteTeamCountry "GER"]
[BlackTeamCountry "GER"]

1. c4 c5 2. Nf3 Nf6 3. g3 g6 4. Bg2 Bg7 5. O-O Nc6 6. d3 O-O 7. a3 Rb8 8. Nbd2
d6 9. Rb1 Bd7 10. Re1 a6 11. Qc2 b5 12. b3 e5 13. e3 Qc7 14. Ng5 h6 15. Nge4
Nh5 16. Nc3 Ne7 17. Nd5 Qd8 18. Bb2 Kh7 19. Rbd1 Bg4 20. f3 Be6 21. Nxe7 Qxe7
22. f4 Qc7 23. Bf3 f5 24. Bd5 Bd7 25. cxb5 axb5 26. b4 Rbc8 27. bxc5 Qxc5 28.
Qb3 exf4 29. Rc1 Qa7 30. Bxg7 Kxg7 31. Qb2+ Kh7 32. Rxc8 Rxc8 33. gxf4 Nxf4 34.
Qf6 Be8 35. Qxd6 Nxd5 36. Qxd5 Qe7 37. Qf3 Bc6 38. Qg3 Bd5 39. Kf2 Rf8 40. Rg1
g5 41. Ke2 f4 42. Qf2 f3+ 43. Kf1 Qxa3 44. Rg3 Qxd3+ 45. Kg1 Qe2 46. Nxf3 Bxf3
47. Rxf3 Qxf3 0-1

[Event "Woerishofen sen 2016"]
[Site "Bad Woerishofen"]
[Date "2016.02.27"]
[Round "2.7"]
[White "Kelchner, Hans"]
[Black "Engbrecht, Helmut"]
[Result "1-0"]
[WhiteElo "2157"]
[BlackElo "1980"]
[PlyCount "111"]
[EventDate "2016.02.26"]
[EventType "swiss"]
[EventCountry "GER"]
[WhiteTeam "Ludwigshafen SK"]
[BlackTeam "Schorndorf SV"]
[WhiteTeamCountry "GER"]
[BlackTeamCountry "GER"]

1. d4 d5 2. Bf4 g6 3. e3 Bg7 4. Be2 c5 5. c3 cxd4 6. exd4 Nc6 7. Nf3 Nf6 8.
Nbd2 Nh5 9. Bg3 Nxg3 10. hxg3 O-O 11. Bd3 e5 12. dxe5 Nxe5 13. Nxe5 Bxe5 14.
Nf3 Bg7 15. O-O Bg4 16. Qb3 Bxf3 17. gxf3 d4 18. c4 b6 19. Rfe1 Re8 20. Qa4 a5
21. Qb5 Rb8 22. a3 Re7 23. b4 axb4 24. axb4 Qe8 25. Rxe7 Qxe7 26. c5 Qc7 27. c6
Be5 28. f4 Bf6 29. Qd5 Rd8 30. Qe4 Kg7 31. b5 h5 32. Kg2 Rd6 33. Ra8 Re6 34.
Qd5 Rd6 35. Qa2 Be7 36. Ra7 Qd8 37. c7 Qd7 38. c8=Q Qxc8 39. Rxe7 Rf6 40. Qd5
h4 41. Qxd4 hxg3 42. Kxg3 Qc1 43. Kg2 Qxf4 44. Qxf4 Rxf4 45. Rb7 Rd4 46. Be2
Rd6 47. Bf3 Kf6 48. Bc6 Ke6 49. Rxb6 f5 50. Ra6 Ke5 51. Bf3 g5 52. Rxd6 Kxd6
53. b6 g4 54. Bd5 f4 55. b7 Kc7 56. Kf1 1-0

[Event "Woerishofen sen 2016"]
[Site "Bad Woerishofen"]
[Date "2016.02.27"]
[Round "2.8"]
[White "Gauer, Jacques"]
[Black "Zunker, Reinhard"]
[Result "0-1"]
[WhiteElo "1940"]
[BlackElo "2153"]
[PlyCount "100"]
[EventDate "2016.02.26"]
[EventType "swiss"]
[EventCountry "GER"]
[WhiteTeam "FRA"]
[BlackTeam "Hofheim SV"]
[WhiteTeamCountry "FRA"]
[BlackTeamCountry "GER"]

1. e4 d6 2. d4 g6 3. Nc3 Bg7 4. Be3 a6 5. Qd2 b5 6. f3 Nd7 7. O-O-O Bb7 8. Kb1
Nb6 9. h4 h5 10. Nh3 e6 11. Bg5 Qd7 12. Nf2 Ne7 13. g4 f6 14. Bf4 O-O-O 15. Bd3
f5 16. gxf5 gxf5 17. Rhg1 Nc6 18. d5 exd5 19. Nxd5 Nxd5 20. exd5 Nd4 21. Be2
Rde8 22. Rde1 Rxe2 23. Rxe2 Nxf3 24. Qd1 Nxg1 25. Qxg1 Bxd5 26. Bg5 Re8 27. Qe1
Rxe2 28. Qxe2 Qe6 29. Qxe6+ Bxe6 30. Nd3 Kd7 31. Nf4 Bf7 32. a3 d5 33. c3 Kd6
34. Kc2 c5 35. Kd3 d4 36. cxd4 Bxd4 37. b4 Ke5 38. bxc5 Bxc5 39. Kc3 Bxa3 40.
Nd3+ Ke4 41. Bd8 Bd6 42. Nb4 a5 43. Bxa5 Be7 44. Bc7 Bxh4 45. Nc2 Bf2 46. Kd2
Bc4 47. Bd6 h4 48. Bh2 f4 49. Ne1 b4 50. Ng2 h3 0-1